Normal view
MARC view
Entry Personal Name
001 - CONTROL NUMBER
- control field: 11182
003 - CONTROL NUMBER IDENTIFIER
- control field: OSt
005 - DATE AND TIME OF LATEST TRANSACTION
- control field: 20150915143416.0
008 - FIXED-LENGTH DATA ELEMENTS
- fixed length control field: 150915|| aca||aabn | a|a d
040 ## - CATALOGING SOURCE
- Original cataloging agency: OSt
- Transcribing agency: OSt
100 ## - HEADING--PERSONAL NAME
- Personal name: Chatterjee, Bankimchandera
670 ## - SOURCE DATA FOUND
- Source citation: Work cat.: (OSt)14639: Chatterjee, Bankimchandera, Rajmohan's Wife, 1996









